| 000 | 00402nam a22001217a 4500 | ||
|---|---|---|---|
| 999 |
_c1209 _d1209 |
||
| 005 | 20200826114037.0 | ||
| 008 | 200826b ||||| |||| 00| 0 eng d | ||
| 020 | _a998200140x | ||
| 040 | _cCML | ||
| 245 |
_aTeacher's Handbook: English Language and Reading. _cZambia, P. |
||
| 260 |
_aLusaka _bNational Educational Company of Zambia Ltd _c1971 |
||
| 942 |
_2ddc _cBK _e1st Edition _h428 _mZAM |
||